Statistics for African Capitals With Letter N In Their Name

Click here to take the quiz!

General Stats

  • This quiz has been taken 39 times
  • The average score is 15 of 21

Answer Stats

Answer% Correct
Cape Town
100%
Kinshasa
91%
Nairobi
91%
Luanda
85%
Tunis
82%
Windhoek
76%
Freetown
74%
Monrovia
74%
Antananarivo
74%
Niamey
74%
Gaborone
71%
NDjamena
71%
Bangui
68%
Yaounde
65%
Banjul
62%
Porto Novo
59%
Nouakchott
56%
Mbabane
56%
Moroni
56%
Conakry
56%
Lilongwe
44%

Score Distribution

Percentile by Number Answered

Percent of People with Each Score

Your Score History

You have not taken this quiz